A guide to the Cyprus Museum /
Corporate Author:
Other Authors:
Format: Book
Language: English
Published:
Nicosia :
Govt. Print. Off.,
[1953].
Edition: [2nd rev. ed.]
Subjects:
Tags: Add Tag
Call Number: DS54.3 .C95 1953
| LEADER | 00715namaa2200241 4500 | ||
|---|---|---|---|
| 001 | 20774 | ||
| 003 | OSt | ||
| 005 | 20260310112014.0 | ||
| 008 | 130303s1999 cy ab c 000 0 eng d | ||
| 040 | |c ARCE Library | ||
| 043 | |a a-cy--- | ||
| 050 | 4 | |a DS54.3 .C95 1953 | |
| 110 | 2 | |a Kypriakon Mouseion (Cyprus) |9 22753 | |
| 245 | 1 | 2 | |a A guide to the Cyprus Museum / |c by P. Dikaios, curator. |
| 250 | |a [2nd rev. ed.] | ||
| 264 | 1 | |a Nicosia : |b Govt. Print. Off., |c [1953]. | |
| 300 | |a xx, 207 pages : |b illustrations, folded map ; |c 20 cm. | ||
| 651 | 0 | |a Cyprus |x Antiquities | |
| 651 | 0 | |a Cyprus |x Antiquities |v Catalogs. | |
| 700 | 1 | |a Dikaios, Porphyrios |9 29040 | |
| 901 | |a reviewed | ||
| 942 | |c BK |2 lcc | ||
| 999 | |c 17216 |d 17216 | ||
